[Event "FIDE Grand Swiss 2019"]
[Site "Douglas"]
[Date "14.10.2019"]
[Round "5.22"]
[White "Korobov, Anton"]
[Black "Kuzubov, Yuriy"]
[Result "1/2-1/2"]
[WhiteTitle "GM"]
[BlackTitle "GM"]
[WhiteElo "2679"]
[BlackElo "2636"]
[WhiteFideId "14105730"]
[BlackFideId "14112906"]
[EventDate "2019.10.10"]

1. d4 Nf6 2. c4 e6 3. Nf3 d5 4. Nc3 Bb4 5. Bg5 h6 6. Bxf6 Qxf6 7. e3 O-O 8. Rc1
dxc4 9. Bxc4 c5 10. O-O cxd4 11. Ne4 Qe7 12. a3 Ba5 13. Qxd4 Rd8 14. Qc5 Qxc5
15. Nxc5 Nd7 16. Nb3 Bb6 17. a4 Nf6 18. Be2 a5 19. Ne5 Bd7 20. Nxd7 Rxd7 21.
Rfd1 Rxd1+ 22. Rxd1 Rc8 23. Kf1 Rc2 24. Rd2 Rxd2 25. Nxd2 Nd7 26. Nb3 Nc5 27.
Nxc5 Bxc5 28. Bc4 b6 29. b3 Kf8 30. Ke2 Ke7 1/2-1/2

[Event "FIDE Grand Swiss 2019"]
[Site "Douglas"]
[Date "14.10.2019"]
[Round "5.23"]
[White "Ponomariov, Ruslan"]
[Black "Najer, Evgeniy"]
[Result "1/2-1/2"]
[WhiteTitle "GM"]
[BlackTitle "GM"]
[WhiteElo "2675"]
[BlackElo "2635"]
[WhiteFideId "14103320"]
[BlackFideId "4118987"]
[EventDate "2019.10.10"]

1. e4 e5 2. Nf3 Nc6 3. Bb5 a6 4. Ba4 Nf6 5. Nc3 Bc5 6. Bxc6 dxc6 7. d3 Ng4 8.
Rf1 Qd6 9. h3 Nf6 10. Be3 Bxe3 11. fxe3 Be6 12. Qe2 Nd7 13. O-O-O Qe7 14. d4 f6
15. g4 O-O 16. Nh4 g6 17. Rg1 Kh8 18. Nf3 Bg8 19. h4 b5 20. g5 fxg5 21. Rxg5
exd4 22. exd4 b4 23. Nb1 Rf4 24. Nbd2 Rxh4 25. Rdg1 Rh6 26. Ra5 c5 27. dxc5 Rh5
28. Qe3 Rxc5 29. Qd4+ Qg7 30. Qxb4 Rb8 31. Qxb8 Rxc2+ 32. Kxc2 Nxb8 33. a3 Qf6
34. Rc5 Qb6 35. Rc3 Nd7 36. b4 h6 37. Rg2 Bf7 38. Nc4 Qe6 39. Nfd2 c5 40. Re2 g5
41. Ree3 cxb4 42. axb4 Qe7 43. Red3 Qxb4 44. Rd6 h5 45. Rxa6 g4 46. Nd6 Be6 47.
Rc8+ Kh7 48. Nf5 Bxf5 49. exf5 Qb5 50. Rd6 Qxf5+ 51. Kd1 Nf8 52. Rc7+ Kg8 53.
Rd8 g3 54. Rcc8 g2 55. Rxf8+ Qxf8 56. Rxf8+ Kxf8 57. Nf3 h4 1/2-1/2

[Event "FIDE Grand Swiss 2019"]
[Site "Douglas"]
[Date "14.10.2019"]
[Round "5.24"]
[White "Sasikiran, Krishnan"]
[Black "Rakhmanov, Aleksandr"]
[Result "1/2-1/2"]
[WhiteTitle "GM"]
[BlackTitle "GM"]
[WhiteElo "2675"]
[BlackElo "2621"]
[WhiteFideId "5004985"]
[BlackFideId "4173708"]
[EventDate "2019.10.10"]

1. e4 e5 2. Nf3 Nf6 3. d4 exd4 4. e5 Ne4 5. Qxd4 d5 6. exd6 Nxd6 7. Nc3 Nc6 8.
Qf4 Bf5 9. Bb5 Qe7+ 10. Be3 Nxb5 11. Nxb5 Qb4+ 12. Qxb4 Bxb4+ 13. c3 Bd6 14.
Nxd6+ cxd6 15. O-O-O Be6 16. b3 d5 17. Kb2 f6 18. Ne1 O-O-O 19. Nd3 b6 20. h4 h5
21. Nf4 Bf7 22. Rd2 Ne7 23. f3 Ng6 24. Ne2 Rd7 25. Bf2 Ne5 26. Nd4 Kb7 27. Rhd1
Rhd8 28. a4 Nc6 29. Ne2 Kc8 30. Nf4 Re7 31. Ka3 Red7 32. Bd4 Rh8 33. Rg1 Ne7 34.
Bf2 Nc6 35. Kb2 Ne5 36. Ra1 Nc6 37. Re1 Rhd8 38. Bd4 Rh8 39. Rh1 Re7 40. Rg1 Rh7
41. Ka3 Rh8 42. g4 hxg4 43. Rxg4 Rh7 44. Rdg2 Nxd4 45. cxd4 g6 46. Nxg6 Bxg6 47.
Rxg6 Rxh4 48. R2g4 Rxg4 49. fxg4 Re4 50. Kb4 Kb7 51. Kc3 a5 52. Rxf6 Rxg4 53.
Rf5 Rg3+ 54. Kc2 Kc6 55. Rf6+ Kc7 56. Rf5 Kc6 57. Rf6+ Kc7 58. Rf5 Kc6 1/2-1/2

[Event "FIDE Grand Swiss 2019"]
[Site "Douglas"]
[Date "14.10.2019"]
[Round "5.25"]
[White "Abasov, Nijat"]
[Black "Bacrot, Etienne"]
[Result "1/2-1/2"]
[WhiteTitle "GM"]
[BlackTitle "GM"]
[WhiteElo "2632"]
[BlackElo "2671"]
[WhiteFideId "13402960"]
[BlackFideId "605506"]
[EventDate "2019.10.10"]

1. e4 e5 2. Nf3 Nc6 3. Bb5 a6 4. Ba4 Nf6 5. O-O Nxe4 6. d4 b5 7. Bb3 d5 8. dxe5
Be6 9. Nbd2 Nc5 10. c3 Be7 11. Bc2 d4 12. Nb3 d3 13. Nxc5 dxc2 14. Qxd8+ Rxd8
15. Nxe6 fxe6 16. Be3 Rd5 17. Rfc1 Nxe5 18. Nxe5 Rxe5 19. Rxc2 Rd5 20. c4 Rd7
21. cxb5 axb5 22. a4 bxa4 23. g3 Kf7 24. Rxa4 Rb8 25. Rf4+ Bf6 26. Rfc4 Rxb2 27.
Rxc7 Rxc7 28. Rxc7+ Kg6 29. Kg2 h5 30. Rc6 Kf7 31. Rc7+ Kg6 1/2-1/2

[Event "FIDE Grand Swiss 2019"]
[Site "Douglas"]
[Date "14.10.2019"]
[Round "5.26"]
[White "Keymer, Vincent"]
[Black "Leko, Peter"]
[Result "1/2-1/2"]
[WhiteTitle "IM"]
[BlackTitle "GM"]
[WhiteElo "2506"]
[BlackElo "2670"]
[WhiteFideId "12940690"]
[BlackFideId "703303"]
[EventDate "2019.10.10"]

1. d4 d5 2. c4 c6 3. cxd5 cxd5 4. Nc3 Nc6 5. Nf3 Nf6 6. Bf4 Bf5 7. e3 e6 8. Bd3
Bxd3 9. Qxd3 Bd6 10. Bxd6 Qxd6 11. O-O O-O 12. Rfc1 Rfc8 13. Ne2 h6 14. Nf4 Ne7
15. h3 Rxc1+ 16. Rxc1 Rc8 17. Rxc8+ Nxc8 18. Qc2 Qd8 19. Nd3 Nd6 20. Nd2 Qc8 21.
Qxc8+ Nxc8 22. f3 Nd6 23. Kf2 g5 24. g4 Kg7 25. Ne5 Ng8 26. Ke2 Ne7 27. b3 f6
28. Nd3 Nc6 29. Nb1 Kf7 30. Nc3 b6 31. Kd2 Ke7 32. a4 a5 33. Ne2 Kf7 34. Ng3 Ke7
35. Nh5 Kf7 36. Ng3 Ke7 37. Nh5 Kf7 1/2-1/2

[Event "FIDE Grand Swiss 2019"]
[Site "Douglas"]
[Date "14.10.2019"]
[Round "5.27"]
[White "Robson, Ray"]
[Black "Deac, Bogdan-Daniel"]
[Result "1/2-1/2"]
[WhiteTitle "GM"]
[BlackTitle "GM"]
[WhiteElo "2670"]
[BlackElo "2613"]
[WhiteFideId "2023970"]
[BlackFideId "1226380"]
[EventDate "2019.10.10"]

1. e4 e5 2. Nf3 Nf6 3. Nxe5 d6 4. Nf3 Nxe4 5. d4 d5 6. Bd3 Bf5 7. O-O Be7 8. Re1
O-O 9. Nbd2 Nd6 10. Nf1 c6 11. Bf4 Bxd3 12. Qxd3 Na6 13. Ng3 Nc7 14. b3 Ne6 15.
Be5 Re8 16. c4 f6 17. cxd5 cxd5 18. Bxd6 Bxd6 19. Re3 Bf4 20. Re2 Bxg3 21. hxg3
Qd7 22. Qf5 Nf8 23. Qxd7 Nxd7 24. Rxe8+ Rxe8 25. Rc1 Rb8 26. Rc7 Nf8 27. b4 a6
28. a4 Ne6 29. Re7 Nd8 30. Rd7 b5 31. axb5 axb5 32. Ne1 Ne6 33. Rxd5 Rc8 34. Rd6
Kf7 35. d5 Nd4 36. Nd3 Ke7 37. Ra6 Rd8 38. Nf4 Rd6 39. Ra7+ Rd7 40. Ra6 Rd6 41.
Ra2 g5 42. Rd2 Nb3 43. Re2+ Kf7 44. Re6 Rxd5 45. Nxd5 Kxe6 46. Nc7+ Ke5 47. Nxb5
Nc1 48. Nc7 Kd6 49. Nb5+ Kd5 50. Nc3+ Kd4 51. Na4 Nd3 52. b5 Nc5 53. Nb6 f5 54.
Kf1 Ne6 55. Nc8 Kd5 56. b6 Kc6 57. Ke2 f4 58. gxf4 Nxf4+ 59. Kf3 h5 60. g3 Ne6
61. Ke4 h4 62. Kf3 Nc5 63. Kg4 Nd3 64. gxh4 gxh4 65. f4 h3 66. Kxh3 Nxf4+ 67.
Kg4 Nd5 68. Kf5 Ne7+ 69. Ke6 Nxc8 70. b7 Kxb7 1/2-1/2

[Event "FIDE Grand Swiss 2019"]
[Site "Douglas"]
[Date "14.10.2019"]
[Round "5.28"]
[White "Abdusattorov, Nodirbek"]
[Black "Saric, Ivan"]
[Result "1-0"]
[WhiteTitle "GM"]
[BlackTitle "GM"]
[WhiteElo "2608"]
[BlackElo "2667"]
[WhiteFideId "14204118"]
[BlackFideId "14508150"]
[EventDate "2019.10.10"]

1. e4 c5 2. Nf3 d6 3. d4 cxd4 4. Nxd4 Nf6 5. Nc3 a6 6. Be2 e5 7. Nb3 Be7 8. O-O
O-O 9. Be3 Be6 10. Qd2 Nbd7 11. a4 Rc8 12. a5 Qc7 13. Rfc1 h6 14. f3 Rfd8 15.
Nd5 Bxd5 16. exd5 Nc5 17. Ra3 Nxb3 18. Rxb3 Nd7 19. Rc3 Qb8 20. Rxc8 Rxc8 21.
Bd3 Rc7 22. b4 Qd8 23. g3 Qf8 24. c4 f5 25. Kg2 Kh8 26. h4 Rc8 27. Qc2 f4 28.
Bf5 fxe3 29. Bxd7 Rb8 30. Qg6 e4 31. Qxe4 b6 32. axb6 Rxb6 33. b5 axb5 34. cxb5
Rb8 35. Qxe3 Bd8 36. Rc4 Bb6 37. Qe6 Bc5 38. Rf4 Qg8 39. h5 Rf8 40. Rxf8 Qxf8
41. f4 Qa8 42. Qf7 Qg8 43. Be6 Qxf7 44. Bxf7 g6 45. hxg6 Kg7 46. g4 Kf6 47. Kf3
Bb6 48. Ke4 Bc5 49. g5+ hxg5 50. fxg5+ Ke7 51. Be6 Kf8 52. Bc8 1-0

[Event "FIDE Grand Swiss 2019"]
[Site "Douglas"]
[Date "14.10.2019"]
[Round "5.29"]
[White "Sadhwani, Raunak"]
[Black "Eljanov, Pavel"]
[Result "1/2-1/2"]
[WhiteTitle "IM"]
[BlackTitle "GM"]
[WhiteElo "2479"]
[BlackElo "2663"]
[WhiteFideId "35093487"]
[BlackFideId "14102951"]
[EventDate "2019.10.10"]

1. e4 c5 2. Nf3 e6 3. g3 Nc6 4. Bg2 Nf6 5. Qe2 d6 6. c3 e5 7. d3 g6 8. Bg5 h6 9.
Bxf6 Qxf6 10. Na3 h5 11. Nc4 Bh6 12. Ne3 Be6 13. h4 O-O 14. a3 b5 15. Nd2 a5 16.
a4 Bxe3 17. Qxe3 bxa4 18. Nc4 Bxc4 19. dxc4 Rab8 20. Qd2 Rb3 21. Rxa4 Rfb8 22.
Ra2 Qe6 23. Qe2 a4 24. Bh3 Qf6 25. O-O Na5 26. Rc1 Qd8 27. Rc2 Qe8 28. Rd2 R8b6
29. Bf1 Kg7 30. Qd1 Qc6 31. Bd3 Rb8 32. Bf1 1/2-1/2

[Event "FIDE Grand Swiss 2019"]
[Site "Douglas"]
[Date "14.10.2019"]
[Round "5.34"]
[White "Shankland, Sam"]
[Black "Volokitin, Andrei"]
[Result "1/2-1/2"]
[WhiteTitle "GM"]
[BlackTitle "GM"]
[WhiteElo "2705"]
[BlackElo "2627"]
[WhiteFideId "2004887"]
[BlackFideId "14107090"]
[EventDate "2019.10.10"]

1. d4 Nf6 2. c4 e6 3. g3 d5 4. Bg2 Bb4+ 5. Nd2 O-O 6. Nf3 b6 7. O-O a5 8. cxd5
exd5 9. a3 Be7 10. Nb1 Bb7 11. Nc3 Re8 12. Bf4 h6 13. Rc1 Na6 14. h4 Bf8 15. e3
c5 16. Ne5 cxd4 17. exd4 Nc7 18. Qb3 Ne6 19. Be3 Bd6 20. Rfd1 Rc8 21. f4 Bb8 22.
Bf2 h5 23. Bh3 Ne4 24. Nxe4 Rxc1 25. Rxc1 dxe4 26. Nxf7 Nxd4 27. Nxd8+ Nxb3 28.
Rd1 e3 29. Be6+ Kf8 30. Bxe3 Bc7 31. Rd7 Bxd8 32. Rf7+ Kg8 33. Re7+ Kf8 34.
Rxe8+ Kxe8 35. Bxb3 Bf6 36. Ba4+ Kf7 37. b4 axb4 38. axb4 Bc3 39. b5 Be1 40.
Bb3+ Ke7 41. Kh2 Ba5 42. Bd1 g6 43. f5 Kf6 44. fxg6 Kxg6 45. g4 hxg4 46. Bxg4
Be4 47. h5+ Kf6 48. Kg3 Bd3 49. Bd7 Be2 50. h6 Kg6 51. Be8+ Kh7 52. Bc6 Be1+ 53.
Kg2 Bc3 54. Kf2 Bd3 55. Kf3 Kh8 56. Kg4 Kh7 57. Kg5 Bb4 58. Bd7 Be7+ 59. Kg4 Kg6
60. Be8+ Kh7 61. Bc6 Bf8 62. Kf3 Bxb5 63. Be4+ Kg8 1/2-1/2

[Event "FIDE Grand Swiss 2019"]
[Site "Douglas"]
[Date "14.10.2019"]
[Round "5.36"]
[White "Vallejo Pons, Francisco"]
[Black "Huschenbeth, Niclas"]
[Result "1/2-1/2"]
[WhiteTitle "GM"]
[BlackTitle "GM"]
[WhiteElo "2694"]
[BlackElo "2624"]
[WhiteFideId "2205530"]
[BlackFideId "24604747"]
[EventDate "2019.10.10"]

1. e4 e5 2. Nf3 Nf6 3. Nxe5 d6 4. Nf3 Nxe4 5. Qe2 Qe7 6. d3 Nf6 7. Nc3 Qxe2+ 8.
Bxe2 g6 9. Bg5 Bg7 10. O-O-O a6 11. Rhe1 O-O 12. d4 h6 13. Bh4 b5 14. Nd2 g5 15.
Bf3 b4 16. Ncb1 Ra7 17. Bg3 h5 18. h4 g4 19. Be2 Nc6 20. c3 Bf5 21. Bf4 bxc3 22.
bxc3 Nd5 23. Be3 Na5 24. Kb2 Nb6 25. Nb3 Nbc4+ 26. Ka1 Nxb3+ 27. axb3 Nxe3 28.
fxe3 Bc2 29. Rd2 Bxb3 30. Rf1 Be6 31. Rb2 Raa8 32. Nd2 Rfb8 33. Ne4 Rxb2 34.
Kxb2 Re8 35. Ng3 Bc8 36. Bc4 Be6 37. Be2 Bd5 38. Nxh5 Rxe3 39. Bxg4 Bh8 40. Nf4
Bc4 41. Rf3 Re1 42. Rf2 c5 43. dxc5 dxc5 44. Be2 Bb5 45. Bh5 Re5 46. g4 Bc4 47.
Rd2 Re3 48. Rd8+ Kh7 49. Nd5 Rf3 50. Rd7 Bxd5 51. Rxd5 Bxc3+ 52. Kc2 Bd4 53. Rf5
Rc3+ 54. Kd2 f6 55. g5 fxg5 56. hxg5 Rh3 57. Be2 a5 58. Bd3 Kg7 59. g6 Rh2+ 60.
Kd1 Rg2 61. Rf7+ Kh6 62. Ra7 Bc3 63. g7 Rxg7 1/2-1/2

[Event "FIDE Grand Swiss 2019"]
[Site "Douglas"]
[Date "14.10.2019"]
[Round "5.38"]
[White "Rodshtein, Maxim"]
[Black "Van Foreest, Jorden"]
[Result "1/2-1/2"]
[WhiteTitle "GM"]
[BlackTitle "GM"]
[WhiteElo "2684"]
[BlackElo "2621"]
[WhiteFideId "2806851"]
[BlackFideId "1039784"]
[EventDate "2019.10.10"]

1. c4 c6 2. Nf3 d5 3. e3 Nf6 4. d4 Bf5 5. Nc3 e6 6. Nh4 Be4 7. f3 Bg6 8. Qb3 Qc7
9. Bd2 Be7 10. g3 a6 11. Nxg6 hxg6 12. Rc1 dxc4 13. Bxc4 Nbd7 14. Be2 e5 15. O-O
O-O 16. dxe5 Nc5 17. Qc2 Qxe5 18. Kg2 Rad8 19. Rcd1 b5 20. Bc1 Nd5 21. Nxd5 cxd5
22. b3 Rfe8 23. Rfe1 Ne6 24. Qd2 Bc5 25. b4 Bb6 26. f4 Qc7 27. Qd3 Qc4 28. Qd2
Qc7 29. Qd3 Qc4 30. Qa3 Qc8 31. Qd3 Qc4 1/2-1/2

[Event "FIDE Grand Swiss 2019"]
[Site "Douglas"]
[Date "14.10.2019"]
[Round "5.39"]
[White "Efimenko, Zahar"]
[Black "Sjugirov, Sanan"]
[Result "0-1"]
[WhiteTitle "GM"]
[BlackTitle "GM"]
[WhiteElo "2604"]
[BlackElo "2662"]
[WhiteFideId "14107201"]
[BlackFideId "4189302"]
[EventDate "2019.10.10"]

1. e4 e5 2. Nf3 Nc6 3. Bb5 a6 4. Ba4 Nf6 5. O-O Be7 6. d3 b5 7. Bb3 d6 8. a4 Bd7
9. c3 O-O 10. Nbd2 Na5 11. Bc2 c5 12. Re1 Qb6 13. Nf1 b4 14. Ne3 Rfe8 15. d4
cxd4 16. cxd4 b3 17. Bb1 exd4 18. Nxd4 Bf8 19. Nef5 d5 20. e5 Ne4 21. Bxe4 dxe4
22. Rxe4 Nc4 23. a5 Qb7 24. Qe2 Qd5 25. Bg5 Nxe5 26. Re1 Nc6 27. h4 f6 28. Bf4
g6 29. Nh6+ Bxh6 30. Bxh6 Nxd4 31. Qd3 Rxe4 32. Rxe4 Bc6 33. f3 Nxf3+ 0-1

[Event "FIDE Grand Swiss 2019"]
[Site "Douglas"]
[Date "14.10.2019"]
[Round "5.41"]
[White "Demchenko, Anton"]
[Black "Durarbayli, Vasif"]
[Result "1-0"]
[WhiteTitle "GM"]
[BlackTitle "GM"]
[WhiteElo "2655"]
[BlackElo "2617"]
[WhiteFideId "4160258"]
[BlackFideId "13402935"]
[EventDate "2019.10.10"]

1. e4 e6 2. d4 d5 3. Nd2 c5 4. Ngf3 cxd4 5. Nxd4 Nc6 6. Bb5 Bd7 7. Nxc6 bxc6 8.
Bd3 Qc7 9. Qe2 Ne7 10. b3 Ng6 11. g3 Bd6 12. f4 O-O 13. Bb2 f5 14. exf5 exf5 15.
O-O-O a5 16. a4 Rae8 17. Qg2 Bc5 18. h4 Nh8 19. h5 Nf7 20. Nf3 Qd6 21. Kb1 Be3
22. Rhe1 Bb6 23. Ne5 Nxe5 24. fxe5 Qb4 25. h6 g6 26. e6 Bxe6 27. g4 Qxg4 28. Qh2
Bf7 29. Qd6 Rxe1 30. Rxe1 Bd4 31. Ba3 c5 32. Bxc5 Bxc5 33. Qxc5 Qh4 34. Qxa5
Qxh6 35. Qb4 f4 36. a5 f3 37. a6 f2 38. Rf1 Qe3 39. Qb7 Qe1+ 40. Kb2 d4 41. Qc6
Kg7 42. Qc5 Qc3+ 43. Qxc3 dxc3+ 44. Kxc3 Bd5 45. Kd4 Bg2 46. Ke3 Bxf1 47. Bxf1
Kf6 48. Kxf2 Ke5+ 49. Ke1 Ra8 50. b4 h5 51. Be2 Kd6 52. c4 Ra7 53. c5+ Kc6 54.
Kd2 h4 55. Ke3 Kd5 56. Kf4 Kc6 57. Kg4 g5 58. Bf1 Rf7 59. Bg2+ Kb5 60. Bb7 1-0

[Event "FIDE Grand Swiss 2019"]
[Site "Douglas"]
[Date "14.10.2019"]
[Round "5.42"]
[White "Erdos, Viktor"]
[Black "Oparin, Grigoriy"]
[Result "1/2-1/2"]
[WhiteTitle "GM"]
[BlackTitle "GM"]
[WhiteElo "2604"]
[BlackElo "2654"]
[WhiteFideId "719978"]
[BlackFideId "24125890"]
[EventDate "2019.10.10"]

1. Nf3 Nf6 2. c4 e6 3. Nc3 d5 4. d4 Be7 5. g3 O-O 6. Bg2 dxc4 7. Ne5 Qd6 8. O-O
Qa6 9. a4 Nbd7 10. Nb5 Nxe5 11. dxe5 Rd8 12. exf6 Rxd1 13. Rxd1 Bd6 14. Bf4 Qa5
15. Bd2 Qb6 16. Be3 Qa5 17. Bd2 Qb6 18. Be3 Qa5 19. Bd2 1/2-1/2

[Event "FIDE Grand Swiss 2019"]
[Site "Douglas"]
[Date "14.10.2019"]
[Round "5.44"]
[White "Lu, Shanglei"]
[Black "Motylev, Alexander"]
[Result "1/2-1/2"]
[WhiteTitle "GM"]
[BlackTitle "GM"]
[WhiteElo "2602"]
[BlackElo "2651"]
[WhiteFideId "8603332"]
[BlackFideId "4121830"]
[EventDate "2019.10.10"]

1. e4 e5 2. Nf3 Nc6 3. Bc4 Nf6 4. d3 Bc5 5. c3 d6 6. O-O a6 7. Nbd2 Ba7 8. Bb3
O-O 9. h3 h6 10. Re1 Be6 11. Bc2 Re8 12. Nf1 d5 13. exd5 Nxd5 14. Ng3 Qd6 15.
Nh4 Qd8 16. Nf3 Qd6 17. Qe2 Qd7 18. Qf1 Qd6 19. Qe2 Qd7 20. Qf1 Qd6 21. Qe2 Qd7 1/2-1/2

[Event "FIDE Grand Swiss 2019"]
[Site "Douglas"]
[Date "14.10.2019"]
[Round "5.45"]
[White "Melkumyan, Hrant"]
[Black "Paravyan, David"]
[Result "1/2-1/2"]
[WhiteTitle "GM"]
[BlackTitle "GM"]
[WhiteElo "2650"]
[BlackElo "2602"]
[WhiteFideId "13302485"]
[BlackFideId "4194985"]
[EventDate "2019.10.10"]

1. d4 Nf6 2. c4 g6 3. Nc3 d5 4. Nf3 Bg7 5. cxd5 Nxd5 6. e4 Nxc3 7. bxc3 c5 8.
Be3 Nc6 9. Qd2 cxd4 10. cxd4 Bg4 11. Rd1 O-O 12. Be2 Rc8 13. O-O Qa5 14. h3 Bxf3
15. Bxf3 Qxd2 16. Rxd2 Na5 17. Rd3 Rfd8 18. d5 b6 19. Rc1 Rxc1+ 20. Bxc1 Be5 21.
Bg5 Kf8 22. Bh6+ Ke8 23. Bg4 Nb7 24. Ra3 Nd6 25. Rxa7 Nxe4 26. Be3 f5 27. Bd1
Nc3 28. Bb3 Nxd5 29. Bd2 Bf4 30. Be1 Nf6 31. Ra6 Bc7 32. f3 Kd7 33. Bf2 Kc6 34.
Ra7 Nd5 35. a4 Bb8 36. Bxd5+ Rxd5 37. Rxe7 Rd1+ 38. Re1 Rxe1+ 39. Bxe1 Bc7 40.
Kf2 Kc5 41. Ke3 Kc4 42. g4 fxg4 43. hxg4 Kb3 44. f4 Kxa4 45. f5 b5 46. Ke4 b4
47. Kd5 b3 48. Bc3 Ba5 49. Bb2 Bb4 50. Ke5 gxf5 51. gxf5 Ba3 52. Bxa3 Kxa3 53.
f6 b2 54. f7 b1=Q 55. f8=Q+ Qb4 56. Qxb4+ Kxb4 57. Kf5 h5 58. Kg5 h4 59. Kxh4 1/2-1/2

[Event "FIDE Grand Swiss 2019"]
[Site "Douglas"]
[Date "14.10.2019"]
[Round "5.53"]
[White "Dubov, Daniil"]
[Black "Hess, Robert"]
[Result "1/2-1/2"]
[WhiteTitle "GM"]
[BlackTitle "GM"]
[WhiteElo "2699"]
[BlackElo "2581"]
[WhiteFideId "24126055"]
[BlackFideId "2022036"]
[EventDate "2019.10.10"]

1. c4 e6 2. Nf3 Nf6 3. g3 d5 4. d4 dxc4 5. Bg2 Be7 6. Qa4+ Bd7 7. Qxc4 Bc6 8.
O-O O-O 9. Nc3 a6 10. Bg5 Nbd7 11. Rfe1 h6 12. Bxf6 Bxf6 13. Rad1 Nb6 14. Qb3 a5
15. e4 a4 16. Qc2 Ra5 17. Ne2 Bb5 18. Nf4 c6 19. h4 Bc4 20. b3 axb3 21. axb3 Ba6
22. Bh3 Nd7 23. Kg2 Be7 24. d5 Rc5 25. Qb1 cxd5 26. exd5 e5 27. d6 Bf6 28. b4
Rc4 29. Nd5 Bb5 30. Qb3 Nb6 31. Nxe5 Bxe5 32. Rxe5 Ba4 33. Qe3 Bxd1 34. Nxb6 Rc2
35. Qd4 Qf6 36. Bf5 Rd2 37. Qf4 Rxd6 38. Nd7 Rxd7 39. Bxd7 Qxf4 40. gxf4 Rd8 41.
Bf5 Ba4 42. Be4 Rd4 43. Bxb7 Rxb4 44. Re4 Rxb7 45. Rxa4 1/2-1/2

[Event "FIDE Grand Swiss 2019"]
[Site "Douglas"]
[Date "14.10.2019"]
[Round "5.54"]
[White "Boruchovsky, Avital"]
[Black "Inarkiev, Ernesto"]
[Result "1/2-1/2"]
[WhiteTitle "GM"]
[BlackTitle "GM"]
[WhiteElo "2533"]
[BlackElo "2693"]
[WhiteFideId "2800055"]
[BlackFideId "4162722"]
[EventDate "2019.10.10"]

1. Nf3 d5 2. g3 c5 3. Bg2 Nc6 4. d4 Nf6 5. O-O e6 6. c4 dxc4 7. dxc5 Qxd1 8.
Rxd1 Bxc5 9. Nbd2 c3 10. bxc3 O-O 11. Nb3 Be7 12. Nfd4 Bd7 13. Nb5 Rfd8 14. Bf4
Ne8 15. c4 e5 16. Be3 Be6 17. Bxc6 bxc6 18. Nxa7 Bxc4 19. Nxc6 Rxd1+ 20. Rxd1
Bf8 21. Nxe5 Bxe2 22. Rd2 Bb5 23. Bc5 Bxc5 24. Nxc5 f6 25. Nf3 Bc4 26. Nb3 Ra3
27. Nfd4 Nd6 28. f3 h5 29. Kf2 Kf7 30. Nc6 Nb5 31. Nca5 Be6 32. Rc2 Bf5 33. Rd2 1/2-1/2

[Event "FIDE Grand Swiss 2019"]
[Site "Douglas"]
[Date "14.10.2019"]
[Round "5.55"]
[White "Grandelius, Nils"]
[Black "Gonzalez Vidal, Yuri"]
[Result "1-0"]
[WhiteTitle "GM"]
[BlackTitle "GM"]
[WhiteElo "2691"]
[BlackElo "2552"]
[WhiteFideId "1710400"]
[BlackFideId "3503321"]
[EventDate "2019.10.10"]

1. e4 e5 2. Nf3 Nc6 3. Bb5 a6 4. Ba4 d6 5. c3 Bd7 6. d4 g6 7. O-O Bg7 8. Re1 Nf6
9. h3 O-O 10. Bc2 Re8 11. Nbd2 b5 12. Nf1 Na5 13. Ng3 c5 14. b3 cxd4 15. cxd4
exd4 16. Nxd4 Rc8 17. Bg5 Qb6 18. Nf3 Nb7 19. Qd2 Be6 20. Be3 Qc7 21. Nd4 Bd7
22. Rad1 Qc3 23. Qxc3 Rxc3 24. Bb1 h5 25. Nf3 Rcc8 26. Bf4 Bc6 27. Bxd6 Nxd6 28.
Rxd6 Bb7 29. Kf1 Re7 30. Red1 Ne8 31. Rd8 Rxd8 32. Rxd8 Bf6 33. Rb8 h4 34. e5
Bg7 35. Ne4 Bxe4 36. Bxe4 Bxe5 37. Nxe5 Rxe5 38. Bc6 Kf8 39. Ra8 Re6 40. Bb7 Ke7
41. Rxa6 Rxa6 42. Bxa6 Nc7 43. Bb7 b4 44. Ke2 Kd6 45. Kd3 Kc5 46. Ke4 f6 47. g3
Nb5 48. Kf4 hxg3 49. fxg3 Nc3 50. Be4 g5+ 51. Kf5 Kd6 52. Bd3 Ke7 53. Bc4 Nxa2
54. h4 gxh4 55. gxh4 Nc3 56. h5 Nd1 57. h6 Ne3+ 58. Ke4 Nxc4 59. bxc4 f5+ 60.
Kd3 Kf7 61. h7 1-0

[Event "FIDE Grand Swiss 2019"]
[Site "Douglas"]
[Date "14.10.2019"]
[Round "5.57"]
[White "Berkes, Ferenc"]
[Black "Gukesh, D"]
[Result "1-0"]
[WhiteTitle "GM"]
[BlackTitle "GM"]
[WhiteElo "2667"]
[BlackElo "2520"]
[WhiteFideId "718572"]
[BlackFideId "46616543"]
[EventDate "2019.10.10"]

1. Nf3 d5 2. g3 g6 3. Bg2 Bg7 4. d4 Nf6 5. c4 c6 6. cxd5 cxd5 7. Nc3 O-O 8. Ne5
e6 9. O-O Bd7 10. Bg5 h6 11. Bf4 Nc6 12. Qd2 Nxe5 13. Bxe5 Bc6 14. Rac1 Ne8 15.
Bxg7 Kxg7 16. Rc2 Nd6 17. Rfc1 Qe7 18. e3 Rfc8 19. h4 Be8 20. Qd3 Bc6 21. Qd1
Qd8 22. Bf1 Be8 23. Bd3 Rc6 24. Ne2 Rac8 25. Nf4 g5 26. hxg5 hxg5 27. Rxc6 Rxc6
28. Rxc6 Bxc6 29. Qg4 Bd7 30. Nh5+ Kf8 31. Qf3 Bc6 32. Nf6 Kg7 33. Ng4 f5 34.
Ne5 Be8 35. g4 fxg4 36. Qxg4 Qe7 37. f4 Nf7 38. Kf2 Nxe5 39. dxe5 Bg6 40. Bxg6
Kxg6 41. Kf3 b6 42. a3 b5 43. b4 a6 44. Kg3 Kh6 45. f5 exf5 46. Qxf5 Qc7 47.
Qe6+ Kh5 48. Qxd5 Qc3 49. Qh1+ Kg6 50. Qe4+ Kg7 51. Qd4 Qc4 52. Qd7+ Kg6 53.
Qd6+ Kh5 54. Qd1+ Kg6 55. Qb1+ Kh6 56. Qf5 Qc1 57. Qf6+ Kh5 58. Qf3+ Kg6 59.
Qe4+ Kh6 60. e6 Qg1+ 61. Kh3 Qf1+ 62. Kg4 Qg1+ 63. Kf5 Qf2+ 64. Ke5 Qf8 65. Qb7
g4 66. Qf7 Qc8 67. Kf5 Qc2+ 68. Kxg4 Qg2+ 69. Kf4 Qf2+ 70. Ke4 Qc2+ 71. Ke5 Qc3+
72. Kd6 Qd3+ 73. Kc7 Qxe3 74. Qf6+ Kh5 75. e7 Qa7+ 76. Kc6 Qa8+ 77. Kb6 1-0

[Event "FIDE Grand Swiss 2019"]
[Site "Douglas"]
[Date "14.10.2019"]
[Round "5.64"]
[White "Jobava, Baadur"]
[Black "Houska, Jovanka"]
[Result "1-0"]
[WhiteTitle "GM"]
[BlackTitle "IM"]
[WhiteElo "2617"]
[BlackElo "2430"]
[WhiteFideId "13601520"]
[BlackFideId "405094"]
[EventDate "2019.10.10"]

1. d4 d5 2. c4 e6 3. Nc3 Nf6 4. Bf4 Bb4 5. e3 O-O 6. Rc1 c5 7. dxc5 Ne4 8. cxd5
exd5 9. Ne2 Qh4 10. g3 Qh5 11. Bg2 Bg4 12. h3 Bxc3+ 13. bxc3 Bf3 14. g4 Qh4 15.
O-O Bxg2 16. Kxg2 Na6 17. Nd4 Qf6 18. c6 bxc6 19. c4 Rac8 20. Qe2 c5 21. Nb5 d4
22. a3 Rcd8 23. Rfd1 g5 24. Bh2 d3 25. Qf3 Qg6 26. Qf5 d2 27. Rc2 Rd3 28. Bg1
Rfd8 29. Qxg6+ hxg6 30. f3 Nf6 31. e4 Ne8 32. Nc3 Nec7 33. Nd5 Ne6 34. Rcxd2
Nf4+ 35. Kg3 Ne2+ 36. Kh2 Rxd2 37. Rxd2 Nxg1 38. Ne7+ Kg7 39. Rxd8 Nxf3+ 40. Kg3
Ne5 41. Rg8+ Kh7 42. Ra8 Nxc4 43. Rxa7 Nb8 44. Rb7 Na6 45. Nc6 1-0